Tablas para el cálculo práctico del hormigón armado

Gespeichert in:
Bibliographische Detailangaben
1. Verfasser: Gómez Sánchez, Sabino
Format: Buch
Veröffentlicht: España: Ediciones CEAC 1975
Schlagworte:
Tags: Tag hinzufügen
Keine Tags, Fügen Sie den ersten Tag hinzu!

MARC

LEADER 00000nam a2200000Ia 4500
003 L000737
005 20221231144004.0
008 140114s1975 s a 000 ||s d
040 |c cru CEDI 
082 |a 624.183.41 G633t 
100 |a Gómez Sánchez, Sabino   |9 18423 
245 |a Tablas para el cálculo práctico del hormigón armado  
260 |a España: Ediciones CEAC  |c 1975 
300 |a 241 hojas ;iustraciones 
500 |a Enciclopedia CEAC de Construcción  
650 |x HORMIGON ARMADO   |x TABLAS, CALCULO, ETC.   |x  PROBLEMAS, EJERCICIOS, ETC.  |9 18424 
942 |2 ddc  |c BK 
999 |c 15249  |d 15249